Statistiken für Deutsche Landkreise und kreisfreie Städte nach Buchstabe - F

Klicken Sie hier um das Quiz zu spielen!

Allgemein

  • Dieses Quiz wurde 145 mal gespielt
  • Das Durchschnittsergebnis liegt bei 11 aus 14

Antwortstatistiken

BundeslandKreis% Korrekt
HessenFrankfurt am Main
97%
Schleswig-HolsteinFlensburg
96%
Baden-WürttembergFreiburg im Breisgau
93%
BayernFürth
90%
BayernFürth
90%
HessenFulda
89%
BrandenburgFrankfurt an der Oder
83%
BayernFreising
80%
BayernForchheim
71%
Rheinland-PfalzFrankenthal
67%
BayernFürstenfeldbruck
62%
Baden-WürttembergFreudenstadt
58%
NiedersachsenFriesland
57%
BayernFreyung-Grafenau
56%

Verteilung der Resultate

Perzentil nach korrekt beantworteten Fragen

Anzahl Personen mit jedem Resultat

Ihre Resultats-Entwicklung

Sie haben dieses Quiz noch nicht gespielt